[Event "computer ch-Eu"]
[Site "?"]
[Date "1997.??.??"]
[Round "?"]
[White "Spitzer, Dwight"]
[Black "Navrotescu , Catalin"]
[Result "1-0"]
[WhiteElo "2020"]
[BlackElo "2100"]
[PlyCount "51"]
[EventDate "1976.??.??"]

1. e4 e5 2. Bc4 Bc5 3. Nc3 Nf6 4. d3 d6 5. f4 Ng4 6. f5 h5 7. Qf3 Bxg1 8. h3
Bf2+ 9. Kf1 Ne3+ 10. Bxe3 Bxe3 11. Qxe3 Nc6 12. Qg3 Kf8 13. Nd5 Na5 14. Ke2
Nxc4 15. dxc4 c6 16. Nc3 b6 17. Rad1 Ba6 18. b3 Qf6 19. Rd2 Rd8 20. Rhd1 Bb7
21. Qe3 Ke7 22. a4 Qh6 23. Qf2 Rd7 24. a5 c5 25. axb6 axb6 26. Na4 1-0

[Event "computer ch-Eu"]
[Site "?"]
[Date "1998.??.??"]
[Round "?"]
[White "Guennadi, ?."]
[Black "Navrotescu , Catalin"]
[Result "1-0"]
[WhiteElo "2025"]
[BlackElo "2115"]
[PlyCount "79"]
[EventDate "1976.??.??"]

1. d4 Nf6 2. c4 c5 3. d5 e6 4. Nc3 exd5 5. cxd5 d6 6. e4 g6 7. f4 Bg7 8. Nf3
O-O 9. Be2 Bg4 10. O-O Re8 11. h3 Bxf3 12. Bxf3 a6 13. a4 Nbd7 14. g4 h6 15. h4
Nh7 16. g5 hxg5 17. hxg5 f6 18. Bg4 Ndf8 19. Be6+ Nxe6 20. dxe6 fxg5 21. f5
Bd4+ 22. Kg2 gxf5 23. exf5 Qc8 24. Qf3 Qc6 25. Qxc6 bxc6 26. Ne4 d5 27. Nxg5
Nxg5 28. Bxg5 Rab8 29. Rab1 Rb7 30. Kf3 Kg7 31. Kg4 Bf6 32. Rf4 Rb3 33. Rh1 Rg8
34. Rh6 Bxg5 35. Rg6+ Kh7 36. Kxg5 Rg3+ 37. Kf6 R3xg6+ 38. fxg6+ Rxg6+ 39. Ke7
d4 40. Kd7 1-0

[Event "computer ch-Eu"]
[Site "?"]
[Date "1998.??.??"]
[Round "?"]
[White "Kelleway Brian 1168"]
[Black "Navrotescu , Catalin"]
[Result "1/2-1/2"]
[WhiteElo "1995"]
[BlackElo "2115"]
[PlyCount "51"]
[EventDate "1976.??.??"]

1. d4 d5 2. Nf3 c6 3. c4 e6 4. Nc3 Nf6 5. Bg5 dxc4 6. a4 Bb4 7. e3 b5 8. Be2
Nbd7 9. O-O Bxc3 10. bxc3 h6 11. Bh4 a6 12. axb5 cxb5 13. Qc2 Bb7 14. Ne5 Qb6
15. Nxd7 Nxd7 16. f4 Nf6 17. Bxf6 gxf6 18. Bf3 O-O-O 19. Bxb7+ Qxb7 20. e4 Rhg8
21. Ra5 Kc7 22. Rfa1 Ra8 23. Qe2 Qc6 24. g3 Kb7 25. R1a2 Rg6 26. Ra1 1/2-1/2

[Event "computer ch-Eu"]
[Site "?"]
[Date "1998.??.??"]
[Round "?"]
[White "Navrotescu , Catalin"]
[Black "Fragapane, M."]
[Result "1/2-1/2"]
[WhiteElo "2115"]
[BlackElo "2045"]
[PlyCount "88"]
[EventDate "1976.??.??"]

1. e4 c5 2. Nf3 e6 3. d4 cxd4 4. Nxd4 Nf6 5. Nc3 Nc6 6. Ndb5 d6 7. Bf4 e5 8.
Bg5 a6 9. Na3 Be6 10. Nc4 Rc8 11. Ne3 Be7 12. Bxf6 Bxf6 13. Ncd5 Bg5 14. c3 O-O
15. Be2 g6 16. O-O f5 17. exf5 gxf5 18. Nc2 Ne7 19. Nxe7+ Qxe7 20. Re1 d5 21.
Bf3 Qd6 22. Qe2 e4 23. Rad1 Bd7 24. Bxe4 fxe4 25. Qxe4 dxe4 26. Rxd6 Bc6 27.
Nd4 Bf4 28. Re6 Rce8 29. Rxe8 Rxe8 30. Nxc6 bxc6 31. g3 Bc7 32. Kf1 Bb6 33. f4
e3 34. Ke2 Rd8 35. Rd1 Rxd1 36. Kxd1 Kf7 37. Ke2 Ke6 38. Kf3 Kd5 39. g4 Ba7 40.
b3 Bb6 41. h4 Ke6 42. h5 Kf6 43. Ke2 Ke6 44. Kd3 Kd5 1/2-1/2

[Event "computer ch-Eu"]
[Site "?"]
[Date "1998.??.??"]
[Round "?"]
[White "Navrotescu , Catalin"]
[Black "Larem, E."]
[Result "0-1"]
[WhiteElo "2115"]
[BlackElo "1915"]
[PlyCount "56"]
[EventDate "1976.??.??"]

1. e4 c5 2. b4 cxb4 3. a3 e5 4. Nf3 Nc6 5. axb4 Bxb4 6. c3 Ba5 7. Bc4 Nge7 8.
Qb3 O-O 9. Ba3 Bc7 10. Qa2 Na5 11. Nxe5 Nxc4 12. Nxc4 d5 13. exd5 Re8 14. Bxe7
Qxe7+ 15. Ne3 Qg5 16. Na3 Bg4 17. h3 Qh6 18. Rf1 Bh5 19. g4 Bg6 20. O-O-O Bd3
21. Rh1 Qa6 22. Nec2 Bd6 23. Kb2 Re4 24. Nd4 Rc8 25. Rhe1 Rxd4 26. cxd4 Bxa3+
27. Qxa3 Rc2+ 28. Kb3 Qc4# 0-1

[Event "computer ch-Eu"]
[Site "?"]
[Date "1998.??.??"]
[Round "?"]
[White "Navrotescu , Catalin"]
[Black "Parte H"]
[Result "1-0"]
[WhiteElo "2115"]
[BlackElo "2040"]
[PlyCount "77"]
[EventDate "1976.??.??"]

1. e4 c5 2. Nf3 Nf6 3. e5 Nd5 4. Nc3 e6 5. Nxd5 exd5 6. d4 Nc6 7. dxc5 Bxc5 8.
Qxd5 Qb6 9. Bc4 Bxf2+ 10. Ke2 O-O 11. Rf1 Bc5 12. Ng5 Nd4+ 13. Kd1 Ne6 14. Ne4
d6 15. exd6 Bd7 16. Bd3 Bd4 17. Qf5 g6 18. Nf6+ Kg7 19. Bh6+ Kh8 20. Nxd7 Qxd6
21. Bxf8 Nxf8 22. Qf4 Qxd7 23. Qxf7 Qd6 24. g3 Nd7 25. Re1 Rf8 26. Re8 Rxe8 27.
Qxe8+ Kg7 28. Qe4 Nc5 29. Qf3 b6 30. Ke1 Bxb2 31. Rd1 Qe6+ 32. Qe2 Qxa2 33. Bc4
Qa5+ 34. Kf1 Bf6 35. Qe8 Qc3 36. Qg8+ Kh6 37. Qf8+ Kg5 38. Rd5+ Kg4 39. Be2+
1-0

[Event "computer ch-Eu"]
[Site "?"]
[Date "1998.??.??"]
[Round "?"]
[White "Tovstonogov"]
[Black "Navrotescu , Catalin"]
[Result "0-1"]
[WhiteElo "2065"]
[BlackElo "2115"]
[PlyCount "104"]
[EventDate "1976.??.??"]

1. Nf3 d5 2. e3 Bg4 3. Be2 Nd7 4. d4 e6 5. Nbd2 Ngf6 6. O-O Bd6 7. c4 c6 8. b3
O-O 9. Bb2 Qe7 10. a3 a5 11. h3 Bh5 12. c5 Bc7 13. b4 axb4 14. axb4 b5 15. Qb3
Ne4 16. Bd3 f5 17. Ra2 Rxa2 18. Qxa2 g5 19. Bxe4 fxe4 20. Ne5 Nxe5 21. dxe5 Be2
22. Re1 Bc4 23. Qa6 Qe8 24. Ra1 Be2 25. Re1 Bd3 26. Qb7 Rf7 27. Ra1 Bxe5 28.
Qa8 Bb8 29. Be5 Rf8 30. Bxb8 Qxb8 31. Qxc6 Qe5 32. Ra6 Bc4 33. Qxe6+ Qxe6 34.
Rxe6 Kf7 35. Ra6 Rd8 36. f3 d4 37. Kf2 dxe3+ 38. Kxe3 Rd3+ 39. Kxe4 Rxd2 40. c6
Rd8 41. Ke5 Rd5+ 42. Ke4 Ke6 43. c7+ Kd7 44. Rc6 Kc8 45. g3 Rd7 46. Kf5 Rf7+
47. Rf6 Rxf6+ 48. Kxf6 Be2 49. f4 gxf4 50. gxf4 Kxc7 51. f5 Bd3 52. Ke6 Kd8 0-1

[Event "Las Vegas"]
[Site "Las Vegas"]
[Date "1998.??.??"]
[Round "?"]
[White "Birbe, Nuria"]
[Black "Navrotescu , Catalin"]
[Result "1/2-1/2"]
[WhiteElo "1945"]
[BlackElo "2105"]
[PlyCount "70"]
[EventDate "1973.??.??"]
[EventType "game"]
[EventCountry "USA"]

1. Nf3 d5 2. d4 e6 3. c4 c6 4. cxd5 exd5 5. Nc3 Be7 6. Bf4 Nf6 7. e3 Bf5 8. Be2
O-O 9. O-O Nbd7 10. Nh4 Be6 11. Qc2 Ne4 12. Nf3 Ndf6 13. Bd3 Nxc3 14. bxc3 h6
15. Rab1 b5 16. a4 a6 17. Ne5 Qc8 18. h3 Nd7 19. Nxd7 Qxd7 20. f3 Bd6 21. Bxd6
Qxd6 22. e4 Rfe8 23. e5 Qf8 24. f4 f5 25. exf6 Qxf6 26. f5 Bd7 27. Rbe1 Rad8
28. Qa2 Rxe1 29. Rxe1 Re8 30. Rxe8+ Bxe8 31. axb5 axb5 32. Qe2 Kf8 33. Qe3 Qe7
34. Kf2 Qa3 35. Be2 Qd6 1/2-1/2

[Event "Las Vegas"]
[Site "Las Vegas"]
[Date "1998.??.??"]
[Round "?"]
[White "Porche, Christian"]
[Black "Navrotescu , Catalin"]
[Result "0-1"]
[WhiteElo "1915"]
[BlackElo "2105"]
[PlyCount "32"]
[EventDate "1973.??.??"]
[EventType "game"]
[EventCountry "USA"]

1. e4 e5 2. Nf3 Nc6 3. Bb5 a6 4. Bxc6 dxc6 5. O-O Bg4 6. h3 h5 7. d3 Qf6 8.
Nbd2 Ne7 9. Re1 Ng6 10. d4 Bd6 11. dxe5 Bxe5 12. Re3 Rd8 13. hxg4 hxg4 14. Nxe5
Qh4 15. Kf1 Qh1+ 16. Ke2 Nf4# 0-1

[Event "Las Vegas"]
[Site "Las Vegas"]
[Date "1998.??.??"]
[Round "?"]
[White "Vogel, Walter"]
[Black "Navrotescu , Catalin"]
[Result "1/2-1/2"]
[WhiteElo "1920"]
[BlackElo "2105"]
[PlyCount "128"]
[EventDate "1973.??.??"]
[EventType "game"]
[EventCountry "USA"]

1. d4 c5 2. dxc5 e6 3. e4 Bxc5 4. Nf3 Nf6 5. Bd3 Nc6 6. O-O d6 7. a3 e5 8. c4
a5 9. Nc3 Bg4 10. h3 Bh5 11. Be2 Bg6 12. Bg5 h6 13. Bxf6 Qxf6 14. Rb1 O-O 15.
Nd2 Qh4 16. Bg4 f5 17. Nf3 Qd8 18. exf5 Bxf5 19. Bxf5 Rxf5 20. Qd5+ Kh8 21. Ne4
Qf8 22. Nh4 Rf6 23. Nxf6 Qxf6 24. Qe4 Nd4 25. g3 Rd8 26. b4 axb4 27. axb4 Ba7
28. Kg2 b5 29. c5 g5 30. Nf3 dxc5 31. bxc5 Qxf3+ 32. Qxf3 Nxf3 33. Kxf3 Bxc5
34. Rxb5 Bd4 35. Ke4 Kg7 36. f3 Rc8 37. Rfb1 Rc3 38. R1b3 Rc6 39. Rb8 Rd6 40.
Kf5 Rf6+ 41. Kg4 Kg6 42. h4 h5+ 43. Kh3 e4 44. Rg8+ Kf7 45. Rxg5 exf3 46. Rb1
f2 47. Kg2 Rh6 48. Rd5 Bb6 49. Rd7+ Ke8 50. Rb7 Rf6 51. R7xb6 f1=Q+ 52. Rxf1
Rxb6 53. Rf5 Rh6 54. Kf3 Ke7 55. Kf4 Rh8 56. Ke5 Ra8 57. Kf4 Rh8 58. Ra5 Rf8+
59. Ke5 Rf3 60. Ra7+ Kf8 61. Rh7 Rxg3 62. Rxh5 Kg7 63. Kf4 Rg1 64. Ra5 Kh6
1/2-1/2

[Event "Las Vegas"]
[Site "Las Vegas"]
[Date "1999.??.??"]
[Round "?"]
[White "Bartos, F."]
[Black "Navrotescu , Catalin"]
[Result "1/2-1/2"]
[WhiteElo "2085"]
[BlackElo "2095"]
[PlyCount "98"]
[EventDate "1973.??.??"]
[EventType "game"]
[EventCountry "USA"]

1. e4 e5 2. Nf3 Nc6 3. Bb5 a6 4. Bxc6 dxc6 5. O-O Bg4 6. h3 h5 7. d3 Qf6 8. Be3
Bxf3 9. Qxf3 Qxf3 10. gxf3 Bd6 11. Nd2 Ne7 12. Kg2 O-O-O 13. Rg1 h4 14. Kf1 Rh7
15. Ke2 f6 16. d4 exd4 17. Bxd4 c5 18. Be3 g5 19. a4 Ng6 20. Nc4 Nf4+ 21. Bxf4
Bxf4 22. Rgd1 Rhd7 23. Rxd7 Rxd7 24. Rd1 Rxd1 25. Kxd1 Kd7 26. b3 b5 27. axb5
axb5 28. Na3 c6 29. c4 b4 30. Nc2 Ke6 31. Ke2 Ke5 32. Kd3 Bc1 33. Ne1 Bf4 34.
Ng2 Bc1 35. Kc2 Bf4 36. Ne3 Bxe3 37. fxe3 g4 38. fxg4 Kxe4 39. Kd2 Kf3 40. Kd3
Kg2 41. e4 Kxh3 42. e5 Kxg4 43. exf6 h3 44. f7 h2 45. f8=Q h1=Q 46. Qg7+ Kf4
47. Qf6+ Kg4 48. Qg6+ Kf4 49. Qd6+ Kg4 1/2-1/2

[Event "Las Vegas"]
[Site "Las Vegas"]
[Date "1999.??.??"]
[Round "?"]
[White "Navrotescu , Catalin"]
[Black "Sznek, Jorge"]
[Result "1-0"]
[WhiteElo "2100"]
[BlackElo "1940"]
[PlyCount "49"]
[EventDate "1973.??.??"]
[EventType "game"]
[EventCountry "USA"]

1. e4 e5 2. Nf3 Nc6 3. d4 exd4 4. Nxd4 Nxd4 5. Qxd4 d6 6. Nc3 Nf6 7. Bg5 Be7 8.
O-O-O h6 9. Bh4 O-O 10. f4 Ne8 11. Bxe7 Qxe7 12. Nd5 Qd8 13. h3 Be6 14. g4 Bxd5
15. Qxd5 c6 16. Qd2 Qe7 17. Bd3 b5 18. h4 Qe6 19. Kb1 Qxg4 20. f5 Kh8 21. Qe3
Nf6 22. Rdg1 Nd5 23. exd5 Qb4 24. f6 Rg8 25. fxg7+ 1-0

[Event "Las Vegas"]
[Site "Las Vegas"]
[Date "1999.??.??"]
[Round "?"]
[White "Navrotescu , Catalin"]
[Black "Tovstonogov"]
[Result "1/2-1/2"]
[WhiteElo "2100"]
[BlackElo "2020"]
[PlyCount "48"]
[EventDate "1973.??.??"]
[EventType "game"]
[EventCountry "USA"]

1. e4 c5 2. Nf3 e6 3. d4 cxd4 4. Nxd4 a6 5. c4 Nf6 6. Nc3 d6 7. Be2 Be7 8. Be3
Nbd7 9. f3 Qc7 10. Qd2 b6 11. O-O Bb7 12. Rac1 Rc8 13. b3 O-O 14. Rfd1 Rfd8 15.
Qe1 Rb8 16. Qf2 Nc5 17. b4 Ncd7 18. Nb3 Ba8 19. Na4 h6 20. Nb2 Qb7 21. a3 Rdc8
22. Nd4 Ne5 23. Nb3 Ned7 24. Nd4 Ne5 1/2-1/2

[Event "Las Vegas"]
[Site "Las Vegas"]
[Date "1999.??.??"]
[Round "?"]
[White "Wijk, J."]
[Black "Navrotescu , Catalin"]
[Result "1/2-1/2"]
[WhiteElo "1960"]
[BlackElo "2105"]
[PlyCount "59"]
[EventDate "1973.??.??"]
[EventType "game"]
[EventCountry "USA"]

1. e4 e5 2. Nf3 Nc6 3. d4 exd4 4. Nxd4 Qh4 5. Qd3 Nf6 6. Nxc6 dxc6 7. Nc3 Bb4
8. Bd2 O-O 9. g3 Qh5 10. Be2 Qg6 11. f3 Be6 12. Qe3 Rfe8 13. g4 Nd7 14. g5 f5
15. gxf6 Qxf6 16. O-O-O a5 17. a3 Bc5 18. Qf4 Qe7 19. Nb1 Bd6 20. Qg5 Qxg5 21.
Bxg5 Nc5 22. Be3 b5 23. b3 Bf7 24. Bd4 Ne6 25. Be3 a4 26. b4 Nf4 27. Bf1 Ng6
28. Bd4 Bf4+ 29. Kb2 Rad8 30. Be2 1/2-1/2

[Event "3.hm tl10 @2"]
[Site "?"]
[Date "1999.??.??"]
[Round "?"]
[White "Navrotescu , Catalin"]
[Black "Rehfeld, Rolf"]
[Result "1/2-1/2"]
[WhiteElo "2107"]
[BlackElo "2260"]
[PlyCount "57"]
[EventDate "1968.??.??"]

1. e4 c5 2. Nf3 e6 3. Nc3 a6 4. d4 cxd4 5. Nxd4 d6 6. Be3 Qc7 7. Be2 Nf6 8. O-O
Nbd7 9. f3 b5 10. a4 b4 11. Na2 d5 12. exd5 Nxd5 13. Bf2 Bd6 14. g3 O-O 15. Qd2
Bb7 16. c4 bxc3 17. Nxc3 Nxc3 18. Qxc3 Qxc3 19. bxc3 Rfc8 20. Rfd1 Be5 21. Nxe6
Bxc3 22. Rac1 Ne5 23. Nc5 Nxf3+ 24. Bxf3 Bxf3 25. Rd3 Bb2 26. Rc2 Be4 27. Rxb2
Rxc5 28. Bxc5 Bxd3 29. Bd6 1/2-1/2

[Event "Nederland 4/297"]
[Site "Nederland 4/297"]
[Date "1999.??.??"]
[Round "3"]
[White "Navrotescu , Catalin"]
[Black "Memtsas, J."]
[Result "0-1"]
[WhiteElo "2113"]
[BlackElo "2276"]
[PlyCount "86"]
[EventDate "1967.??.??"]

1. e4 g6 2. d4 Bg7 3. Nc3 d6 4. Bc4 Nc6 5. Nf3 Nf6 6. d5 Nb8 7. O-O O-O 8. h3
Nbd7 9. Be3 Nb6 10. Bb3 c5 11. dxc6 bxc6 12. e5 Ne8 13. exd6 exd6 14. Re1 Bb7
15. Bg5 Nf6 16. Ne4 c5 17. Nxd6 Bxf3 18. gxf3 Qd7 19. Bxf6 Bxf6 20. Ne4 Qf5 21.
Nxf6+ Qxf6 22. c3 c4 23. Bc2 Rad8 24. Qc1 Nd5 25. Qh6 Qxf3 26. Be4 Qf6 27. Bxd5
Rxd5 28. Re4 Rg5+ 29. Rg4 Rxg4+ 30. hxg4 Qf3 31. Qh4 Re8 32. Qg3 Qe2 33. b3 Qb2
34. Rd1 cxb3 35. axb3 Qxb3 36. Ra1 Qd5 37. Qg2 Qc5 38. Qb7 a5 39. Qd7 Re4 40.
Kg2 Qxc3 41. Qd8+ Kg7 42. Qxa5 Rxg4+ 43. Kh2 Qf6 0-1

[Event "Nederland 4/297"]
[Site "Nederland 4/297"]
[Date "1999.??.??"]
[Round "5"]
[White "Navrotescu , Catalin"]
[Black "Constantino, Fe"]
[Result "1/2-1/2"]
[WhiteElo "2113"]
[BlackElo "2049"]
[PlyCount "62"]
[EventDate "1967.??.??"]

1. e4 c5 2. Nf3 Nc6 3. d4 cxd4 4. Nxd4 g6 5. Be3 Nf6 6. Nc3 Bg7 7. Bc4 Qa5 8.
O-O O-O 9. Nb3 Qc7 10. f4 d6 11. Be2 b6 12. g4 Bb7 13. g5 Nd7 14. Nd5 Qd8 15.
Nc3 Rc8 16. Nd4 Nxd4 17. Bxd4 Bxd4+ 18. Qxd4 Qc7 19. Bg4 Rcd8 20. Bxd7 Rxd7 21.
Rf2 Qc5 22. Qd3 f5 23. gxf6 Rxf6 24. Nd5 Bxd5 25. Qxd5+ Qxd5 26. exd5 Rc7 27.
c3 Rc4 28. Re1 Kf8 29. Rfe2 Rcxf4 30. Rxe7 Rf1+ 31. Kg2 R1f2+ 1/2-1/2

[Event "tc13"]
[Site "?"]
[Date "1999.08.21"]
[Round "1"]
[White "Navrotescu , Catalin"]
[Black "Pariseau, Richard"]
[Result "0-1"]
[WhiteElo "2113"]
[BlackElo "2533"]
[PlyCount "74"]
[EventDate "1967.??.??"]

1. e4 c5 2. Nf3 e6 3. Nc3 a6 4. d4 cxd4 5. Nxd4 b5 6. Be3 Bb7 7. f3 Qc7 8. Qd2
Nf6 9. Be2 Nc6 10. Nxc6 Bxc6 11. a3 Be7 12. Bf4 d6 13. O-O-O Rd8 14. g4 Qb7 15.
g5 Nd7 16. Bxd6 Ne5 17. Qf4 Rxd6 18. Qxe5 Rxd1+ 19. Rxd1 O-O 20. h4 Rc8 21. h5
Qb8 22. Qxb8 Rxb8 23. f4 a5 24. Bd3 b4 25. axb4 axb4 26. Ne2 e5 27. g6 fxg6 28.
hxg6 exf4 29. gxh7+ Kh8 30. Nd4 Be8 31. Ne6 Rb6 32. Nc7 Bh5 33. Nd5 Bxd1 34.
Nxb6 Bf3 35. Nd5 Bd6 36. e5 Bc5 37. e6 Bxd5 0-1

[Event "tc13"]
[Site "?"]
[Date "1999.08.23"]
[Round "3"]
[White "Navrotescu , Catalin"]
[Black "Arizmendi, Martinez Julen Luis"]
[Result "1/2-1/2"]
[WhiteElo "2113"]
[BlackElo "2270"]
[PlyCount "37"]
[EventDate "1967.??.??"]

1. d4 Nf6 2. c4 g6 3. Nc3 d5 4. Nf3 Bg7 5. Bg5 Ne4 6. cxd5 Nxg5 7. Nxg5 e6 8.
Qa4+ c6 9. dxc6 Nxc6 10. Nf3 Bxd4 11. Nxd4 Qxd4 12. Qxd4 Nxd4 13. O-O-O Nc6 14.
e3 Ke7 15. Be2 Bd7 16. Rd2 Rhd8 17. Rhd1 Rac8 18. Kb1 Ne5 19. Rd4 1/2-1/2

[Event "tc13"]
[Site "?"]
[Date "1999.08.24"]
[Round "4"]
[White "Vincent, L."]
[Black "Navrotescu , Catalin"]
[Result "1/2-1/2"]
[WhiteElo "2392"]
[BlackElo "2113"]
[PlyCount "38"]
[EventDate "1967.??.??"]

1. e4 e5 2. Nf3 Nc6 3. Bb5 a6 4. Ba4 Nf6 5. O-O Be7 6. Re1 b5 7. Bb3 d6 8. c3
O-O 9. d3 Na5 10. Bc2 c5 11. Nbd2 Qc7 12. Nf1 Bd7 13. Bg5 Rfe8 14. Ne3 Rac8 15.
Qe2 Nc6 16. Nd2 h6 17. Bh4 Be6 18. Bb3 Na5 19. Bxe6 fxe6 1/2-1/2

[Event "tc13"]
[Site "?"]
[Date "1999.08.25"]
[Round "5"]
[White "Navrotescu , Catalin"]
[Black "Dlugy, Maxim"]
[Result "1-0"]
[WhiteElo "2113"]
[BlackElo "2350"]
[PlyCount "107"]
[EventDate "1967.??.??"]

1. e4 e5 2. Nf3 Nc6 3. Nc3 Nf6 4. Bb5 Bb4 5. O-O O-O 6. d3 d6 7. Bg5 Bxc3 8.
bxc3 Qe7 9. Re1 Nd8 10. d4 Ne6 11. Bc1 c5 12. Bf1 Re8 13. d5 Nf8 14. Bg5 h6 15.
Bd2 Bg4 16. c4 a6 17. a4 b6 18. h3 Bd7 19. Nh2 Ng6 20. Bd3 Reb8 21. c3 Qe8 22.
Qb3 Nh5 23. Be2 Nhf4 24. Bxf4 exf4 25. Bg4 Ne5 26. Bxd7 Qxd7 27. f3 h5 28. Ra2
Qe7 29. Rb1 Qh4 30. Re2 Ra7 31. Qa2 Rab7 32. Reb2 g5 33. a5 Nd3 34. Rxb6 Rxb6
35. axb6 a5 36. Rd1 Ne5 37. Rb1 Nd3 38. b7 Kg7 39. Rd1 Rxb7 40. Rxd3 Qe1+ 41.
Nf1 a4 42. Qc2 Rb1 43. Qf2 Qc1 44. e5 a3 45. Rd2 Rb2 46. exd6 a2 47. Rxb2 a1=Q
48. d7 Qa8 49. Re2 Qd8 50. Qxc5 Qxd7 51. d6 Qxc3 52. Re7 Qa4 53. Qxg5+ Kf8 54.
d7 1-0

[Event "tc13"]
[Site "?"]
[Date "1999.08.26"]
[Round "6"]
[White "Aggressive"]
[Black "Navrotescu , Catalin"]
[Result "1/2-1/2"]
[WhiteElo "2287"]
[BlackElo "2113"]
[PlyCount "148"]
[EventDate "1967.??.??"]

1. e4 e5 2. Bb5 Nf6 3. Nc3 a6 4. Ba4 Bc5 5. d3 b5 6. Bb3 Nc6 7. Nf3 d6 8. Bg5
Bg4 9. Bxf6 Qxf6 10. Nd5 Qd8 11. c3 O-O 12. h3 Bxf3 13. Qxf3 Ne7 14. O-O Nxd5
15. Bxd5 Rb8 16. b4 Bb6 17. Bc6 a5 18. a3 Qh4 19. Kh2 g6 20. Bxb5 axb4 21. axb4
Bd4 22. cxd4 Rxb5 23. dxe5 dxe5 24. Rfc1 Qe7 25. Ra7 Rc8 26. Qg4 Qd8 27. Rc5
Rxb4 28. Rxe5 Rd4 29. Ra3 Rb8 30. Qg3 Qd6 31. Rc3 Rd8 32. f3 Kg7 33. Rec5 Qxg3+
34. Kxg3 Rxd3 35. Rxd3 Rxd3 36. Rxc7 h5 37. h4 Rd2 38. Ra7 Re2 39. Rb7 Rd2 40.
Ra7 Re2 41. Kh2 Kf6 42. Kh3 Re3 43. Ra2 Re1 44. Kg3 Rc1 45. Ra6+ Kg7 46. Kf4
Rc2 47. Kg3 Re2 48. Ra4 Kf6 49. Rb4 Kg7 50. Ra4 Kf6 51. f4 Re3+ 52. Kf2 Rb3 53.
Ra6+ Kg7 54. Rd6 Rb2+ 55. Kf3 Rb3+ 56. Ke2 Rg3 57. Kf2 Rc3 58. e5 Rc2+ 59. Kf3
Rc3+ 60. Ke4 Rg3 61. Rd7 Kf8 62. e6 fxe6 63. Ke5 Ke8 64. Rg7 Rxg2 65. Kxe6 Kf8
66. Kf6 Rg4 67. Rf7+ Kg8 68. Ra7 Rxf4+ 69. Kxg6 Rg4+ 70. Kxh5 Rg7 71. Ra8+ Kh7
72. Ra5 Rg1 73. Ra7+ Rg7 74. Ra6 Rg1 1/2-1/2

[Event "tc13"]
[Site "?"]
[Date "1999.08.28"]
[Round "8"]
[White "Alvim, Antonio Carlos R."]
[Black "Navrotescu , Catalin"]
[Result "0-1"]
[WhiteElo "2204"]
[BlackElo "2113"]
[PlyCount "76"]
[EventDate "1967.??.??"]

1. e4 e5 2. Nf3 Nc6 3. Bb5 a6 4. Ba4 Nf6 5. O-O Be7 6. d4 exd4 7. Re1 b5 8. Bb3
d6 9. Bd5 Bb7 10. Nxd4 Nxd4 11. Bxb7 Rb8 12. Bxa6 Ne6 13. a4 bxa4 14. Nc3 O-O
15. Nxa4 Rb4 16. Bd3 Qd7 17. b3 Rfb8 18. Ba3 R4b7 19. Bb2 Nf4 20. f3 N6h5 21.
Bf1 Qe6 22. g4 Bh4 23. gxh5 Rb5 24. e5 Rd5 25. Qc1 Qf5 26. Qe3 Re8 27. Red1
Rdxe5 28. Bxe5 Rxe5 29. Qd2 h6 30. Nc3 Qg5+ 31. Kh1 d5 32. Ra8+ Kh7 33. Bd3+ f5
34. Rg1 Be1 35. Bxf5+ Qxf5 36. Rxe1 Qh3 37. Ne4 Qxf3+ 38. Kg1 Nh3# 0-1

[Event "tc13"]
[Site "?"]
[Date "1999.08.29"]
[Round "9"]
[White "Navrotescu , Catalin"]
[Black "Memtsas, J."]
[Result "1/2-1/2"]
[WhiteElo "2113"]
[BlackElo "2276"]
[PlyCount "116"]
[EventDate "1967.??.??"]

1. e4 g6 2. d4 Bg7 3. Nc3 d6 4. Bc4 Nc6 5. Nf3 Nf6 6. Be3 O-O 7. O-O a6 8. a4
Bg4 9. Be2 e5 10. dxe5 dxe5 11. Qxd8 Rfxd8 12. h3 Bxf3 13. Bxf3 Nd4 14. Bxd4
exd4 15. Nd5 Ne8 16. Rad1 Kf8 17. Rfe1 Rab8 18. e5 c6 19. Nb6 Nc7 20. Bg4 Ke7
21. f4 h5 22. Bf3 h4 23. Bg4 Bh6 24. Re4 c5 25. Kf2 Ne6 26. Bxe6 Kxe6 27. Kf3
g5 28. fxg5 Bxg5 29. a5 Be7 30. b3 Rg8 31. Rg4 Rxg4 32. hxg4 Rg8 33. Nc4 Bd8
34. Rh1 Kd5 35. Re1 Bc7 36. Rh1 Rh8 37. Re1 Rh6 38. g5 Rg6 39. Kg4 Bd8 40. Kxh4
Rxg5 41. Kh3 Rf5 42. Re2 Bc7 43. Kg4 Rf1 44. Rd2 Ke6 45. Re2 Ra1 46. Rf2 Bxa5
47. Rf6+ Ke7 48. Nd6 Bb4 49. Nf5+ Ke8 50. Rb6 Re1 51. Rxb7 Re4+ 52. Kf3 Rxe5
53. Nd6+ Kf8 54. Rxf7+ Kg8 55. Rf5 Re3+ 56. Kf4 Re2 57. g4 Rxc2 58. Kg5 Rg2
1/2-1/2

[Event "?"]
[Site "?"]
[Date "????.??.??"]
[Round "2"]
[White "Nita, Lucian"]
[Black "Navrotescu , Catalin"]
[Result "1-0"]
[WhiteElo "2235"]
[BlackElo "2422"]
[PlyCount "96"]

1. e4 c5 2. Nf3 Nc6 3. d3 g6 4. g3 Bg7 5. Bg2 e5 6. c4 Nge7 7. Nc3 O-O 8. Be3
d6 9. Qd2 Nd4 10. h3 Rb8 11. Rb1 Nec6 12. Bxd4 exd4 13. Nb5 (13. Nd5) 13... f5
14. exf5 Bxf5 15. g4 Qe7+ 16. Kf1 a6 (16... Be6 17. Re1 Ne5) 17. Re1 Ne5 18.
Nxe5 Bxe5 19. gxf5 axb5 20. fxg6 hxg6 21. Qh6 Qh7 22. Bd5+ Kh8 23. Qxh7+ Kxh7
24. cxb5 Rf6 25. Kg2 Kg7 26. Rhf1 b6 27. b4 Bf4 28. Re7+ Kh6 29. bxc5 dxc5 (
29... bxc5 30. Rb1) 30. Rfe1 Kg5 31. Rh7 Bd6 32. Re4 Bf4 33. Be6 Rff8 34. h4+
Kf6 35. Rxf4+ (35. Bg4 Be5 36. f4) 35... Kxe6 36. Rxf8 Rxf8 37. Rb7 c4 38. dxc4
d3 39. Kf1 d2 40. Ke2 Rxf2+ 41. Kd1 Ke5 42. Rxb6 Rg2 43. Ra6 Kd4 44. Ra3 Kc5
45. Rb3 Kxc4 46. b6 Rg1+ 47. Kxd2 Rg2+ 48. Ke3 Rd2 1-0

[Event "Chess Festival M. Sadoveanu"]
[Site "?"]
[Date "????.??.??"]
[Round "1"]
[White "Navrotescu , Catalin"]
[Black "Bocancea, Dmitrii"]
[Result "1-0"]
[WhiteElo "2397"]
[BlackElo "2072"]
[PlyCount "102"]

1. d4 Nf6 2. c4 Nc6 3. Nf3 e6 4. Nc3 Bb4 5. Qc2 d6 6. e4 e5 7. d5 Bxc3+ 8. bxc3
Ne7 9. Bd3 Ng6 10. g3 O-O 11. Nd2 Bh3 12. Nf1 Bg2 13. Rg1 Bxf1 14. Kxf1 Nd7 15.
Be2 Re8 16. Kg2 Nc5 17. Bg4 b6 18. h4 h6 19. Be3 Rf8 20. h5 Ne7 21. f3 Kh8 22.
Rae1 Nb7 23. f4 Ng8 24. Rh1 Qe7 25. Bf5 Rfe8 26. Qd2 Na5 27. Qd3 Nb7 28. Qb1
Qd8 29. Re2 Ne7 30. Bg4 Ng8 31. Rf1 Qe7 32. Bf5 a5 33. Ref2 Rf8 34. Qc2 Rfd8
35. Rf3 Nc5 36. Kh2 Re8 37. fxe5 Qxe5 38. Bd4 Qe7 39. Bh3 f6 40. Bf5 Nd7 41.
Rf4 Ne5 42. Qe2 Red8 43. Be6 Rf8 44. Rb1 Rfb8 45. Rf2 Qe8 46. g4 g5 47. Rb5 Nc6
48. Qf1 Nd8 49. Bf5 Ne7 50. Rbb2 Nf7 51. Be6 Ng8 1-0

[Event "Chess Festival M. Sadoveanu"]
[Site "?"]
[Date "????.??.??"]
[Round "2"]
[White "Burlacu, Bogdan"]
[Black "Navrotescu , Catalin"]
[Result "1/2-1/2"]
[WhiteElo "2214"]
[BlackElo "2397"]
[PlyCount "61"]

1. e4 c5 2. Nf3 d6 3. Bb5+ Nc6 4. O-O Bg4 5. c3 Nf6 6. Re1 e6 7. d3 Be7 8. Be3
O-O 9. Nbd2 Ne5 10. h3 Nxf3+ 11. Nxf3 Bxf3 12. Qxf3 Qb6 13. Bc4 Qxb2 14. Rab1
Qxc3 15. Rec1 Qa5 16. Rxb7 Qd8 17. e5 dxe5 18. Qg3 Bd6 19. Bh6 Nh5 20. Qg4 Qf6
21. Bg5 Qg6 22. Rd7 h6 23. Be3 Rfd8 24. Qxg6 fxg6 25. Bxe6+ Kh7 26. g3 Rxd7 27.
Bxd7 Nf6 28. Bg4 Nxg4 29. hxg4 Rc8 30. Kg2 Kg8 31. Kf3 1/2-1/2

[Event "Chess Festival M. Sadoveanu"]
[Site "?"]
[Date "????.??.??"]
[Round "3"]
[White "Navrotescu , Catalin"]
[Black "Podgursky, Stefan"]
[Result "1-0"]
[WhiteElo "2397"]
[BlackElo "2230"]
[PlyCount "77"]

1. d4 d5 2. c4 dxc4 3. e3 Nf6 4. Bxc4 e6 5. Nf3 c5 6. O-O Nc6 7. a3 cxd4 8.
exd4 Be7 9. Nc3 O-O 10. Bg5 a6 11. Ba2 b5 12. Rc1 Bb7 13. Bb1 Rc8 14. Qd3 g6
15. b4 Nb8 16. Ne5 Nbd7 17. Rfd1 Nb6 18. Bh6 Re8 19. Qg3 Nh5 20. Qe3 Ng7 21.
Bxg7 Kxg7 22. Be4 Bxe4 23. Nxe4 Nd5 24. Qf3 Bf6 25. Rxc8 Qxc8 26. Nd6 Qb8 27.
Nxe8+ Qxe8 28. Rc1 Qa8 29. h4 h5 30. Rc5 Bxe5 31. dxe5 a5 32. Rxb5 axb4 33.
Rxb4 Qc8 34. Re4 Qc2 35. g3 Nc3 36. Re3 Nb1 37. Rd3 Nd2 38. Qf6+ Kh6 39. Qh8#
1-0